000 00782nam a2200229Ia 4500
001 9081
003 GE_BSU
008 181216s||||||||xx |||||||||||||| ||und||
040 _cGE_BSU
080 _a821.353.1-1
100 _aლეონიძე,გიორგი
245 _aახლოს მოიწი სამშობლოს გულო.
245 _bლექსები.
245 _cრედ:შალვა დემეტრაძე;მხატვ:შ,კუპრაშვილი
260 _aთბილისი.
260 _bმერანი.
260 _c1970
300 _a103გვ;16სმ.
653 _aახლოს მოიწი სამშობლოს გულო.
653 _aლექსები.
942 _cBK
999 _c42385
_d42385